Catálogo Biblioteca Central

La producción de servicios bancarios (Registro nro. 86616)

Detalles MARC
000 -CABECERA
campo de control de longitud fija 00656naa a2200205 i 4500
001 - NÚMERO DE CONTROL
campo de control 86616
003 - IDENTIFICADOR DEL NÚMERO DE CONTROL
campo de control ES-MaBCM
005 - FECHA Y HORA DE LA ÚLTIMA TRANSACCIÓN
campo de control 20241016125256.0
008 - CÓDIGOS DE INFORMACIÓN DE LONGITUD FIJA
campo de control de longitud fija 020925s2002 esp 000 0 spa d
021 ## -
-- xx
035 ## - NÚMERO DE CONTROL DEL SISTEMA
Número de control de sistema (OCoLC)1365230287
040 ## - FUENTE DE LA CATALOGACIÓN
Centro transcriptor ES-MaBCM
041 0# - CÓDIGO DE LENGUA
Código de lengua del texto/banda sonora o título independiente spa
043 ## - CÓDIGO DE ÁREA GEOGRÁFICA
Código de área geográfica esp
100 1# - PUNTO DE ACCESO PRINCIPAL - NOMBRE DE PERSONA
Nombre de persona Ibarrondo Dávila, Pilar
9 (RLIN) 22888
245 10 - MENCIÓN DE TÍTULO
Título La producción de servicios bancarios
Resto del título : problemática en torno a su delimitación
Mención de responsabilidad etc. Pilar Ibarrondo Dávila
650 27 - PUNTO DE ACCESO ADICIONAL DE MATERIA--TÉRMINO DE MATERIA
Término de materia o nombre geográfico como elemento inicial Banca
9 (RLIN) 57691
773 0# - ENLACE AL DOCUMENTO FUENTE
Encabezamiento principal En:
Título Información comercial española. Boletín económico
Lugar editor y fecha de publicación Madrid : 2002
Número de control del registro relacionado 104444
Parte(s) relacionada(s) n. 2.735, jul., p. 31-41. - Loc. S.200
942 ## - ELEMENTOS DE PUNTO DE ACCESO ADICIONAL (KOHA)
Tipo de ítem Koha Artículos de revistas
Existencias
Estado de retiro Estado de pérdida Estado dañado No para préstamo Localización permanente Ubicación/localización actual Fecha de adquisición Precio válido a partir de Tipo de ítem Koha
        Biblioteca Central del Ministerio de la Presidencia Biblioteca Central del Ministerio de la Presidencia 21/04/2012 21/04/2012 Artículos de revistas